تاريخ الاتنولوجيا من البدايات حتى الحرب العالمية الثانية / (Record no. 38980)
[ view plain ]
| 000 -الفاتح | |
|---|---|
| حقل البيانات ثابتة الطول | 00560nam a2200169Ia 4500 |
| 005 - وقت وتاريخ اخر تعامل مع التسجيلة | |
| رقم الضبط | 20240530103402.0 |
| 008 - عناصر البيانات ثابتة الطول - معلومات عامة | |
| حقل البيانات ثابتة الطول | 140319s9999 xx 000 0 ara d |
| 040 ## - مصدر الفهرسة | |
| وكالة الفهرسة الأصلية | GCL / |
| وكالة النسخ | GCL |
| 082 04 - رقم تصنيف ديوى العشرى | |
| رقم التصنيف | 301.2 |
| رقم المادة | ل ت |
| 100 1# - المدخل الرئيسى - إسم شخصى | |
| الإسم الشخصى | لووى، روبرت |
| 245 10 - بيان العنوان | |
| العنوان | تاريخ الاتنولوجيا من البدايات حتى الحرب العالمية الثانية / |
| بيان المسئوليه,etc | لووى، روبرت ؛ ترجمة نظير جاهل |
| 650 04 - المدخل الاضافى بالموضوع-مصطلح موضوعى | |
| مصطلح موضوعي | علم النفس |
| 650 04 - المدخل الاضافى بالموضوع-مصطلح موضوعى | |
| مصطلح موضوعي | الثقافة |
| 650 04 - المدخل الاضافى بالموضوع-مصطلح موضوعى | |
| مصطلح موضوعي | تاريخ جغرافيا |
| 942 ## - عناصر المدخل الإضافي( كوها) | |
| مصدر التصنيف او مخطط الترفيف | Dewey Decimal Classification |
| Koha [default] item type | كتاب |
| حالة التراجع | حالة الفقد | حالة تلف | ليس للاعارة | المكان المؤقت | الموقع الحالى | تاريخ الاكتساب | اجمالي اﻻعارات | رقم الطلب | الباركود | تاريخ اخر مشاهدة | تاريخ تفعيل السعر | نوع وعاء كوها | مصدر التصنيف او خطة الترفيف |
|---|---|---|---|---|---|---|---|---|---|---|---|---|---|
| مكتبة القاهرة الكبرى | مكتبة القاهرة الكبرى | 03/26/2014 | 301.2\ل ت | 95172 | 03/26/2014 | 03/26/2014 | كتاب | ||||||
| مكتبة القاهرة الكبرى | مكتبة القاهرة الكبرى | 03/26/2014 | 301.2\ل ت | 95173 | 03/26/2014 | 03/26/2014 | كتاب | ||||||
| مكتبة القاهرة الكبرى | مكتبة القاهرة الكبرى | 03/20/2022 | 301.2\ل ت | 167688 | 03/20/2022 | 03/20/2022 | كتاب | ddc |

